Southville International School and Colleges
Your cart is empty.
  • Cart
  • Lists
    Public lists Eva Luna New books Lux_list list_1
    Your lists Log in to create your own lists
  • Log in to your account
  • Your cookies
  • Search history
Southville International School and Colleges
  • Advanced search
  • Recent comments
  • Most popular
  • Libraries

Log in to your account

Log in with GOOGLE


If you do not have an external account, but do have a local account, you can still log in:

  1. Home
  2. MARC view: Glambook:
Normal view MARC view ISBD view

Glambook: (Record no. 367200)

[ view plain ]
MARC details
000 -LEADER
fixed length control field 00850nam a22002177a 4500
003 - CONTROL NUMBER IDENTIFIER
control field 0
005 - DATE AND TIME OF LATEST TRANSACTION
control field 20250213114754.0
008 - FIXED-LENGTH DATA ELEMENTS--GENERAL INFORMATION
fixed length control field 250213b xxu||||| |||| 00| 0 eng d
050 ## - LIBRARY OF CONGRESS CALL NUMBER
Classification number TX 911.3
Item number .B35 2023
100 ## - MAIN ENTRY--PERSONAL NAME
Personal name Baltazar, Cyrehn Jeward F.
245 ## - TITLE STATEMENT
Title Glambook:
Remainder of title a booking management mobile application for glam grooms pet spa and hotel
Statement of responsibility, etc Cyrehn Jeward F. Baltazar
260 ## - PUBLICATION, DISTRIBUTION, ETC. (IMPRINT)
Place of publication, distribution, etc Las Pinas City
Name of publisher, distributor, etc Southville International School and Colleges
Date of publication, distribution, etc 2023
300 ## - PHYSICAL DESCRIPTION
Extent xv, 205 pages :
Other physical details illustrations ;
Dimensions 28cm.
500 ## - GENERAL NOTE
General note Bachelor of Science in Information Technology.
504 ## - BIBLIOGRAPHY, ETC. NOTE
Bibliography, etc Includes bibliographical references and appendices.
650 ## - SUBJECT ADDED ENTRY--TOPICAL TERM
Topical term or geographic name as entry element Mobile apps—Development.
650 ## - SUBJECT ADDED ENTRY--TOPICAL TERM
Topical term or geographic name as entry element Pet grooming industry—Management.
650 ## - SUBJECT ADDED ENTRY--TOPICAL TERM
Topical term or geographic name as entry element Pet services—Booking systems.
650 ## - SUBJECT ADDED ENTRY--TOPICAL TERM
Topical term or geographic name as entry element Business management—Automation.
942 ## - ADDED ENTRY ELEMENTS (KOHA)
Source of classification or shelving scheme Library of Congress Classification
Koha item type Theses
Holdings
Withdrawn status Lost status Source of classification or shelving scheme Damaged status Home library Current library Shelving location Date acquired Source of acquisition Sub Shelving location Total Checkouts Full call number Barcode Date last seen Price effective from Koha item type
    Library of Congress Classification   College Library College Library Theses Section 02/13/2025 Donation     TX 911.3 .B35 2023 T1400 02/13/2025 02/13/2025 Theses

Glambook:

APA

Baltazar C. J. F., . (2023). Glambook. Las Pinas City: Southville International School and Colleges.

Chicago

Baltazar Cyrehn Jeward F, . 2023. Glambook. Las Pinas City: Southville International School and Colleges.

Harvard

Baltazar C. J. F., . (2023). Glambook. Las Pinas City: Southville International School and Colleges.

MLA

Baltazar Cyrehn Jeward F, . Glambook. Las Pinas City: Southville International School and Colleges. 2023.

  • Print
  • Cite
  • Add to your cart (remove)
  • Save record
    BIBTEX Dublin Core MARCXML MARC (non-Unicode/MARC-8) MARC (Unicode/UTF-8) MARC (Unicode/UTF-8, Standard) MODS (XML) RIS
  • More searches
    Search for this title in:
    Other Libraries (WorldCat) Other Databases (Google Scholar) Online Stores (Bookfinder.com) Open Library (openlibrary.org)

Exporting to Dublin Core...

SOUTHVILLE LIBRARY

Southville International School and Colleges Library

1281 Tropical Ave. Cor. Luxembourg St., BF Homes International, Las Pinas City

Tel. No. 8256374 / 252358 Loc. 117/146

Powered by Koha